Manual de acceso a la cooperación internacional (Registro nro. 6830)

Detalles MARC
000 -CABECERA
Campo de control 00402nam a2200133 a 4500
090 ## - CLASIFICACIÓN LOCAL
Colección LB
Consecutivo 05447
041 ## - IDIOMA
Código de idioma para texto/pista de sonido o título separado Español
100 ## - ASIENTO PRINCIPAL--NOMBRE PERSONAL
Nombre personal Palomar Avilés, Raúl
245 ## - MENCION DE TITULO
Título Manual de acceso a la cooperación internacional
260 ## - PUBLICACION, DISTRIBUCION, ETC. (PIE DE IMPRENTA)
Lugar de publicación, distribución, etc. Bogotá
Nombre del editor, distribuidor, etc. Agencia Presidencial para la Acción Social y la Cooperación Internacional
-- AECI
Fecha de publicación, distribución, etc. 2007
300 ## - DESCRIPCION FISICA
Extensión 139 p.
942 ## - ELEMENTOS ADICIONALES (KOHA)
Tipo de ítem
945 ## - PROCESAMIENTO LOCAL
AAAA-MM-DD - Fecha de ingreso o modificacion 2009-05-13
Existencias
Withdrawn status Lost status Sistema de Clasificación Damaged status No para préstamo Colección Inventariado Ubicación Permanente Ubicación actual Fecha de adquisición Fuente de Valor Valor Total Checkouts Número topográfico Inventario / Código de Barras Date last seen Ejemplar Price effective from Forma de adquisición Tipo de material
    Dewey Decimal Classification     General Inventariado 2017 Bogotá Bogotá 21/05/2014 Instituto 39000.00   LB-327.17 M29m 034284 21/05/2014 Ej. 1 21/05/2014   Libro
    Dewey Decimal Classification     General Inventariado 2017 Sala Fabio Quevedo Sala Fabio Quevedo 13/05/2009 Instituto 39000.00   LB-327.17 M29m 026987 04/12/2012 Ej.1 04/12/2012 Donación Libro